Odkiaľ majú banky peniaze na hypotekárne úvery

Hypotekárny úver je už aj na Slovensku bežný spôsob financovania kúpy, prípadne rekonštrukcie nehnuteľnosti. Financovanie hypoúverov vo svete - USA, Nemecko. Financovanie hypoúverov u nás. Zjednodušený model financovania hypotekárnych úverov. Na Slovensku vychádzali z príkladu Nemecka. Poskytovať hy...

Descrizione completa

Salvato in:
Dettagli Bibliografici
Autore principale: Sobolič, Jaroslav
Natura: Capitolo di libro
Lingua:slovacco
Soggetti:
Tags: Aggiungi Tag
Nessun Tag, puoi essere il primo ad aggiungerne!!

MARC

LEADER 00000naa$a2200000$$$4500
001 0028866
005 20231019082940.9
041 0 |a slo 
044 |a SK 
245 1 0 |a Odkiaľ majú banky peniaze na hypotekárne úvery  |c Jaroslav Sobolič 
520 |a Hypotekárny úver je už aj na Slovensku bežný spôsob financovania kúpy, prípadne rekonštrukcie nehnuteľnosti. Financovanie hypoúverov vo svete - USA, Nemecko. Financovanie hypoúverov u nás. Zjednodušený model financovania hypotekárnych úverov. Na Slovensku vychádzali z príkladu Nemecka. Poskytovať hypotekárne úvery môžu iba banky, využívajú na to zdroje získané od klientov vo forme vkladov alebo iným spôsobom. Banky vydávajú cenné papiere, ktoré predávajú na trhu investorom. Emisie vydávané na základe verejnej ponuky a neverejnej ponuky, výhody a nevýhody. 
610 2 0 |a banky 
610 2 0 |a úver hypotekárny 
610 2 0 |a financovanie 
610 2 0 |a politika úverová 
610 2 0 |a emisia 
610 2 0 |a Nemecko 
610 2 0 |a USA 
610 2 0 |a Slovensko 
100 1 |a Sobolič, Jaroslav